000 00936nam a22002657a 4500
003 DO-SdBNP
005 20230523120318.0
008 171122b 1998 ck ||||| |||| 00| 0 spa d
020 _a9580441847
040 _aBPMSU
_bspa
_cBPMSU
082 4 _a658.4
_bC776i 1998
_222
100 1 _aCooper, Robert K.
245 1 0 _aLa inteligencia emocional aplicada al liderazgo y a las organizaciones /
_cCooper, Ayman Sawaf ; traducción: Jorge Cárdenas Nannetti.
260 _aSantafé de Bogotá, Barcelona :
_bGrupo Editorial Norma,
_c1998.
300 _axli, 307 p. :
_bil ;
_c23 cm.
590 _aInventariado, 2023/VM
650 4 _aAptitud de mando.
650 4 _aLiderazgo.
650 4 _aAdministración
_xAspectos psicológicos.
650 4 _aInteligencia emocional.
700 1 _aSawaf, Ayman
700 1 _aCárdenas Nannetti, Jorge,
_etr.
910 _aLOPEREZ/ VMateo V. Control de calidad (BPMSU)
942 _2ddc
_cBK
999 _c13024
_d13024